Catálogo público

Rentabilidad de los cultivos de maíz (Zea mays L.) sorgo (Sorghum bicolor L. Moench) y cacahuate (Arachis hipogaea L.) en el suroeste del Estado de Morelos / (Record no. 201367)

MARC details
000 -CABECERA
campo de control de longitud fija 01188nam a2200301Ia 4500
001 - NÚMERO DE CONTROL
campo de control Para_2852
003 - IDENTIFICADOR DEL NÚMERO DE CONTROL
campo de control CHAP
008 - DATOS DE LONGITUD FIJA--INFORMACIÓN GENERAL
campo de control de longitud fija 220125s1988 xx 000 0 und d
010 ## - NÚMERO DE CONTROL DE LA BIBLIOTECA DEL CONGRESO
Número de control de LC 201367
040 ## - FUENTE DE LA CATALOGACIÓN
Centro/agencia transcriptor CHAP
090 ## - LOCALMENTE ASIGNADO TIPO-LC NÚMERO DE CLASIFICACIÓN (OCLC); NÚMERO DE CLASIFICACIÓN LOCAL (RLIN)
Número de clasificación (OCLC) (R) ; Numero de clasificación, CALL (RLIN) (NR) PA TESIS 478
100 ## - ENTRADA PRINCIPAL--NOMBRE DE PERSONA
Nombre de persona Sánchez Domínguez, Delfino
9 (RLIN) 107476
245 ## - MENCIÓN DE TÍTULO
Título Rentabilidad de los cultivos de maíz (Zea mays L.) sorgo (Sorghum bicolor L. Moench) y cacahuate (Arachis hipogaea L.) en el suroeste del Estado de Morelos /
Mención de responsabilidad, etc. por Delfino Sánchez Dóminguez
260 ## - PUBLICACIÓN, DISTRIBUCIÓN, ETC.
Lugar de publicación, distribución, etc. Chapingo, Méx. :
Nombre del editor, distribuidor, etc. El autor
300 ## - DESCRIPCIÓN FÍSICA
Extensión 76 h.
500 ## - NOTA GENERAL
Nota general Tesis (Ing. Agr. Esp. en Parasitologìa Agrícola) -- UACh. Departamento de Parasitología Agrícola 99-88
650 ## - PUNTO DE ACCESO ADICIONAL DE MATERIA--TÉRMINO DE MATERIA
Término de materia o nombre geográfico como elemento de entrada Cacahuate
Subdivisión general Aspectos económicos
-- Morelos
9 (RLIN) 16854
650 ## - PUNTO DE ACCESO ADICIONAL DE MATERIA--TÉRMINO DE MATERIA
Término de materia o nombre geográfico como elemento de entrada Maíz
Subdivisión general Aspectos económicos
-- Morelos
9 (RLIN) 70877
650 ## - PUNTO DE ACCESO ADICIONAL DE MATERIA--TÉRMINO DE MATERIA
Término de materia o nombre geográfico como elemento de entrada Sorgo
Subdivisión general Aspectos económicos
9 (RLIN) 108629
700 ## - PUNTO DE ACCESO ADICIONAL--NOMBRE DE PERSONA
Nombre de persona I. UACh. Departamento de Parasitología Agrícola
9 (RLIN) 166274
901 ## - ELEMENTOS DE DATOS A LOCAL LDA (RLIN)
a PA TESIS 478
902 ## - ELEMENTOS DE DATOS B LOCAL, LDB (RLIN)
a M
905 ## - ELEMENTOS DE DATOS E LOCAL, LDE (RLIN)
a 0000001988 CHA 0000000000 00
910 ## - DATOS DE OPCIÓN DEL USUARIO (OCLC)
Datos de opción del usuario 1988
942 ## - ELEMENTOS DE PUNTO DE ACCESO ADICIONAL (KOHA)
Tipo de ítem Koha Parasitologia_
942 ## - ELEMENTOS DE PUNTO DE ACCESO ADICIONAL (KOHA)
Tipo de ítem Koha Parasitologia_
-- 1
Holdings
Estado de retiro Estado de pérdida Fuente del sistema de clasificación o colocación Estado dañado Restricciones de uso No para préstamo Código de colección Localización permanente Ubicación/localización actual Fecha de adquisición Información codificada de la localización en otra ubicación Número de inventario Total de préstamos Signatura topográfica completa Código de barras Fecha visto por última vez Número de copia Precio válido a partir de Tipo de ítem Koha Nota pública
    Clasificación Universidad Autónoma de Chapingo   Préstamo interno   Tesis Parasitologia Agricola Parasitologia Agricola 27/10/2005 PARA (PA_421) (No. UACh CONSUMO)   PA TESIS 478 4101000665 25/01/2022 Ej.1 25/01/2022 Tesis 3